000 01400cam a2200337 i 4500
001 15352493
003 EG-ScBUE
005 20260121102407.0
008 080702s2008 enka f b 001 0 eng d
020 _a9780521862288
020 _a0521862280
035 _a(OCoLC)ocn233591959
035 _a(OCoLC)233591959
040 _aDLC
_beng
_erda
_cDLC
_dBAKER
_dBWKUK
_dBWK
_dYDXCP
_dBWX
_dDLC
082 0 4 _a551.9
_222
_bALL
100 1 _aAllegre, Claude J.,
_eauthor.
_93295
245 1 0 _aIsotope Geology /
_cClaude J. Allegre.
264 1 _aCambridge, UK :
_bCambridge University Press,
_c2008.
300 _ax, 512 pages :
_billustrations (some color) ;
_c26 cm
336 _2rdacontent
_atext
_btxt
337 _aunmediated
_2rdamedia
_bn
338 _avolume
_bnc
_2rdacarrier
504 _aIncludes bibliographical references and index.
650 7 _aIsotope geology.
_2BUEsh
_93296
655 _vReading book
856 4 2 _3Contributor biographical information
_uhttp://www.loc.gov/catdir/enhancements/fy0838/2008029603-b.html
856 4 2 _3Publisher description
_uhttp://www.loc.gov/catdir/enhancements/fy0838/2008029603-d.html
856 4 1 _3Table of contents only
_uhttp://www.loc.gov/catdir/enhancements/fy0838/2008029603-t.html
942 _2ddc
_cBB
999 _c11213
_d11213